Szczegóły MARC21

Wybrane problemy obrotu nieruchomościami : analiza prawnoporównawcza /

003 -Nazwa inst., której nr kontr. jest w polu 001 [,]
    • @
    • Nazwa instytucji, której n kontrolny jest w polu 001
    • NUKAT
005 -DATA I CZAS OSTATNIEJ MODYFIKACJI [,]
    • @
    • pole kontrolne
    • 20241231101818.0
020 -Międzynarod. znormalizowany nr książki - ISBN [ , ]
    • a
    • Numer ISBN
    • 837333162X Find
040 -Instytucja sporządzająca opis [ , ]
    • a
    • Instytucja, która sporządziła opis (NP)
    • LUBL U/esz
    • c
    • Instytucja, która sporządziła rekord (NP)
    • LUBL U/esz
    • d
    • Instytucja, która zmodyfikowała rekord (P)
    • LUBL U/esz
    • d
    • Instytucja, która zmodyfikowała rekord (P)
    • WA U/91UKP
    • d
    • Instytucja, która zmodyfikowała rekord (P)
    • WA U/91IOs
    • d
    • Instytucja, która zmodyfikowała rekord (P)
    • WA U/91IOs
041 -Język dokumentu [0, ]
    • a
    • Język tekstu (P)
    • polski
    • a
    • Język tekstu (P)
    • niemiecki
942 -Rodzaj dokumentu [ , ]
    • c
    • Rodzaj dokumentu
    • Książka
100 -Hasło główne - nazwa osobowa [1, ]
    • a
    • Nazwa osobowa (NP)
    • Capik, Agata.
    • 9
    • KHW
    • 414063
245 -Strefa tytułu i oznaczenia odpowiedzialności [1,0]
    • a
    • Tytuł
    • Wybrane problemy obrotu nieruchomościami : Find
    • b
    • Ciąg dalszy tytułu (NP)
    • analiza prawnoporównawcza / Find
    • c
    • Pozostałe elementy strefy tytułu i oznaczenia odpowiedzialności (NP)
    • Agata Capik, Anna Rachwał.
260 -Strefa adresu wydawniczego [ , ]
    • a
    • Miejsce wydania (P)
    • Kraków :
    • b
    • Nazwa wydawcy (P)
    • Polsko-Niemieckie Centrum Prawa Bankowego UJ :
    • b
    • Nazwa wydawcy (P)
    • Kantor Wydawniczy "Zakamycze",
    • c
    • Data wydania (P)
    • cop. 2003.
300 -Strefa opisu fizycznego [ , ]
    • a
    • Określenie formy książki i/lub objętość (NP)
    • 112, [1] s. ;
    • c
    • Format (NP)
    • 21 cm.
336 -Typ zawartości [ , ]
    • a
    • Termin opisujący typ zawartości
    • Tekst
    • b
    • Kod określający zawartość
    • txt
    • 2
    • Źródło (terminu i kodu)
    • rdacontent
337 -Typ mediów [ , ]
    • a
    • Tryb odtwarzania
    • Bez urządzenia pośredniczącego
    • b
    • Kod typu mediów
    • n
    • 2
    • Źródło (terminu i kodu)
    • rdamedia
338 -Typ/rodzaj nośnika [ , ]
    • a
    • Hasło opisujące typ nośnika
    • Wolumin
    • b
    • Kod typu nośnika
    • nc
    • 2
    • Źródło (terminu i kodu)
    • rdacarrier
490 -Strefa serii i książki wielotomowej - forma nie do wyszukiwania [1, ]
    • a
    • Tytuł (P)
    • Biblioteka Polsko-Niemieckiego Centrum Prawa Bankowego UJ Find
830 -Hasło dodatkowe serii i opisu książki wielotomowej - tytuł ujednolicony/tytuł [ ,0]
    • a
    • Tytuł ujednolicony/tytuł (NP)
    • Biblioteka Polsko-Niemieckiego Centrum Prawa Bankowego UJ
    • 9
    • KHW
    • 86089
500 -Uwaga ogólna [ , ]
    • a
    • Uwaga ogólna (NP)
    • Publikacja powstała w oparciu o polsko-niemieckie seminarium, które odbyło się w dn. 6-9 maja 2000 r. w Krakowie. Uczestnikami byli wykładowcy i studenci prawa Uniwersytetu Jagiellońskiego w Krakowie, Uniwersytetu Karola i Ruprechta w Heidelbergu oraz Uniwersytetu Jana Gutenberga w Moguncji.
500 -Uwaga ogólna [ , ]
    • a
    • Uwaga ogólna (NP)
    • Na okł.: Materiały Centrum.
504 -Uwaga dot. bibliogr. załącznikowej [ , ]
    • a
    • Uwaga dot. bibliografii załącznikowej
    • Bibliogr. s. 111-[113].
546 -Uwaga dot. języka [ , ]
    • a
    • Uwaga dot. języka
    • Tekst częśc. niem.
080 -Uniwersalna Klasyfikacja Dziesiętna [ , ]
    • a
    • Symbol klasyfikacji
    • 347.2(438:430)
080 -Uniwersalna Klasyfikacja Dziesiętna [ , ]
    • a
    • Symbol klasyfikacji
    • :332.7(438:430)
650 -Hasło przedmiotowe [ ,7]
    • a
    • Hasło przedmiotowe
    • Przeniesienie tytułu własności nieruchomości
    • z
    • Określnik geograficzny
    • Niemcy
    • v
    • Określnik formalny
    • konferencje.
    • 2
    • Źródło terminu
    • kaba
    • 9
    • KHW
    • 701114
650 -Hasło przedmiotowe [ ,7]
    • a
    • Hasło przedmiotowe
    • Przeniesienie tytułu własności nieruchomości
    • z
    • Określnik geograficzny
    • Polska
    • v
    • Określnik formalny
    • konferencje.
    • 2
    • Źródło terminu
    • kaba
    • 9
    • KHW
    • 701113
650 -Hasło przedmiotowe [ ,7]
    • a
    • Hasło przedmiotowe
    • Przeniesienie tytułu własności nieruchomości
    • x
    • Określnik rzeczowy
    • badania porównawcze
    • v
    • Określnik formalny
    • konferencje.
    • 2
    • Źródło terminu
    • kaba
    • 9
    • KHW
    • 701115
980 -Symbol UKD [ , ]
    • a
    • UKD
    • 347.2:332.7](438:430)
700 -Hasło dodatkowe - nazwa osobowa [1, ]
    • a
    • Nazwa osobowa (NP)
    • Rachwał, Anna Find
    • d
    • Daty biograficzne (NP)
    • (1976- ).
    • 9
    • KHW
    • 977
710 -Hasło dodatkowe - nazwa ciała zbiorowego [2, ]
    • a
    • Nazwa ciała zbiorowego lub nazwa geograficzna jako pierwszy element (NP)
    • Kantor Wydawniczy "Zakamycze".
    • 4
    • Kod relacji
    • pbl
    • 9
    • KHW
    • 69868
920 -ISBN [ , ]
    • a
    • ISBN
    • 83-7333-162-X Find
Data inwentaryzacji Lokalizacja Sygnatura Numer inwentarzowy Status udost.
2003-07-17BE E.68878-2
2003-07-17BE S.90790-2
2015-09-09GW33GW.2272-3
2015-09-09GW33GW.2273-3